Collected papers /
Guardado en:
| Autor Principal: | |
|---|---|
| Formato: | Libro |
| Idioma: | English |
| Publicado: |
Cambridge, Mass. :
MIT Press,
c1972-1979.
|
| Series: | Mathematicians of our time ;
v. 2, etc. |
| Materias: | |
| Etiquetas: |
Agregar Etiqueta
Sin Etiquetas, Sea el primero en etiquetar este registro!
|
| LEADER | 01464cam a2200313 a 4500 | ||
|---|---|---|---|
| 001 | MAT.inmabb002489 | ||
| 008 | 720211m19721979mauc#####b####001#0#eng## | ||
| 005 | 20110316123121.0 | ||
| 245 | 0 | 0 | |a Collected papers / |c Oscar Zariski ; edited by H. Hironaka and D. Mumford. |
| 260 | |a Cambridge, Mass. : |b MIT Press, |c c1972-1979. | ||
| 300 | |a 4 v. : |b retrs. ; |c 26 cm. | ||
| 490 | 1 | |a Mathematicians of our time ; |v v. 2, 6, 12, 16 | |
| 500 | |a Vol. 2 edited by M. Artin and D. Mumford; v. 3 by M. Artin and B. Mazur; v. 4 by J. Lipman and B. Teissier. | ||
| 505 | 0 | |a v. 1. Foundations of algebraic geometry and resolution of singularities -- v. 2. Holomorphic functions and linear systems -- v. 3. Topology of curves and surfaces, and special topics in the theory of algebraic varieties -- v. 4. Equisingularity on algebraic varieties. | |
| 504 | |a Incluye referencias bibliográficas. | ||
| 510 | 4 | |a MR, |c 58 #21346a | |
| 500 | |a La biblioteca no posee el v. 4. |5 AR-BbIMB | ||
| 020 | |a 0262080494 (v. 1) | ||
| 020 | |a 0262010380 (v. 2) | ||
| 020 | |a 0262240211 (v. 3) | ||
| 100 | 1 | |a Zariski, Oscar, |d 1899-1986. | |
| 830 | 0 | |a Mathematicians of our time ; |v v. 2, etc. | |
| 650 | 0 | |a Mathematics. | |
| 084 | |a 01A75 (14-03) |2 msc2000 | ||
| 010 | |a 73171558 | ||
| 040 | |a DLC |c DLC |d DLC | ||
| 859 | |h 01A75 |i Z37 |p A-5008 |v 1 |3 Vol. I |b BIB. MATEMATICA | ||
| 859 | |h 01A75 |i Z37 |p A-5009 |v 2 |3 Vol. II |b BIB. MATEMATICA | ||
| 859 | |h 01A75 |i Z37 |p A-5010 |v 3 |3 Vol. III |b BIB. MATEMATICA | ||
